000 00868nam a2200265 i 4500
001 bg
100 1 _aNIEZGODA, Agnieszka
245 1 0 _aPopyt turystyczny :
_buwarunkowania i perspektywy rozwoju /
_cAgnieszka Niezgoda, Piotr Zmyślony ; Akademia Ekonomiczna w Poznaniu.
250 _aWyd. 2 zm.
260 _aPoznań :
_bWydawnictwo Akademii Ekonomicznej,
_c2006.
300 _a219 s. ;
_c24 cm.
504 _aBibliogr.
650 9 _aTurystyka
655 _aPodręczniki akademickie
700 1 _aZMYŚLONY, Piotr
710 0 _aAkademia Ekonomiczna (Poznań)
020 _a8374171391
040 _cBPK
041 0 _apol
080 _a338.48:379.85](075.8)
920 _a83-7417-139-1
942 _cKS
008 s pl f |000 0 pol
999 _c51996
_d51996
856 _uhttp://koha.tu.koszalin.pl/cgi-bin/koha/opac-detail.pl?biblionumber=51996
_yKatalog online BPK